| 000 | 00343nam a22001457a 4500 | ||
|---|---|---|---|
| 020 | _a978-93-5026-185-9 | ||
| 082 |
_a823 _bCRU/S |
||
| 100 | _aCRUZ, JUBEL.D | ||
| 245 |
_aSTORIES FOR THE YOUNG _bSHORT STORY |
||
| 260 |
_aBANGALORE _bVASAN PUBLICATIONS _c2011 |
||
| 300 | _a162 | ||
| 520 | _aSHORT STORY | ||
| 650 | _aSHORT STORY | ||
| 942 | _cBK | ||
| 999 |
_c3862 _d3862 |
||